Computers & social controversy (Record no. 609019)

000 -LEADER
fixed length control field 00342nam a22001337a 4500
020 ## - INTERNATIONAL STANDARD BOOK NUMBER
International Standard Book Number 0273014927
040 ## - CATALOGING SOURCE
Transcribing agency nust
082 ## - DEWEY DECIMAL CLASSIFICATION NUMBER
Classification number 004
Author Mark LOG'C
100 ## - MAIN ENTRY--PERSONAL NAME
Personal name Logsdon, Tom
9 (RLIN) 58626
245 ## - TITLE STATEMENT
Title Computers & social controversy
260 ## - PUBLICATION, DISTRIBUTION, ETC.
Place of publication, distribution, etc. USA:
Name of publisher, distributor, etc. Computer Science Press,
Date of publication, distribution, etc. 1980.
650 ## - SUBJECT ADDED ENTRY--TOPICAL TERM
Topical term or geographic name entry element computers and civilization
9 (RLIN) 14116
942 ## - ADDED ENTRY ELEMENTS (KOHA)
Source of classification or shelving scheme
Koha item type Book

No items available.

© 2023 Central Library, National University of Sciences and Technology. All Rights Reserved.